Video Game Characters - Hard - Statistics

General Stats
  • This quiz has been taken 1,595 times
    1,505 since last reset
  • The average score is 20 of 40
Answer Stats
Hint Answer % Correct
Kratos God of War
91%
Solid Snake Metal Gear
91%
Tails Sonic
88%
GLaDOS Portal
86%
Duke Nukem Duke Nukem
82%
Dr. Gordon Freeman Half-Life
78%
Ezio Auditore Assassin's Creed
76%
Blinky Pacman
75%
Sephiroth Final Fantasy
74%
Liu Kang Mortal Kombat
74%
Niko Bellic Grand Theft Auto
73%
Rapidash Pokemon
71%
John Marston Red Dead Redemption
71%
King Dedede Kirby
66%
Dovahkiin Skyrim
63%
Ridley Metroid
59%
Marth Fire Emblem
57%
Olimar Pikmin
55%
Ness Earthbound
54%
Arbiter Halo
53%
Conker Conker's Bad Fur Day
51%
Deathclaw Fallout
50%
Captain Falcon F Zero
50%
Dixie Donkey Kong Country
43%
Epona Legend of Zelda
41%
Uriel Septim VII Oblivion
40%
Popo and Nana Ice Climbers
34%
Zero Megaman
34%
Bam Margera Tony Hawk
29%
Dingodile Crash Bandicoot
25%
Holy Hand Grenade Worms Armageddon
22%
Tyrael Diablo
20%
Shaco League of Legends
20%
Thrall Warcraft
20%
Argo the Horse Shadow of the Colossus
18%
Bottles Banjo Kazooie
16%
Nova Starcraft
16%
Johnny Napalm Guitar Hero
12%
Phantom Lancer DotA
10%
Timbah Diddy Kong Racing
3%
No matching quizzes found
Score Distribution
Percent of People with Each Score
Percentile by Number Answered
Your Score History
You have not taken this quiz since the last reset